00499nam a2200133Ia 4500008004100000100001900041245004900060260006900109300001600178650001100194856006800205999001900273952007300292160712s9999 xx 000 0 und d aLee, Gabriela. cGabriela LeeaSharing Spaces and Other Poems c2011bLikhaan: The Journal of Contemporary Philippine Literature avol. 5 no.  xPOETRY uhttp://journals.upd.edu.ph/index.php/lik/issue/view/295/showToc c297637d297637 001040aCLbCLd2016-07-12l0r2016-07-12 00:00:00w2016-07-12yFEJ